| 000 | 00930nam a2200253 a 4500 | ||
|---|---|---|---|
| 001 | 000006586 | ||
| 005 | 20251210121512.0 | ||
| 008 | 090901s2001 dr 001 0 spa d | ||
| 020 | _a9993402222 | ||
| 040 |
_aDO-SdBNP _bspa _cBNPHU |
||
| 082 |
_a100 _bR789f |
||
| 100 | 1 |
_aRosario Jiménez, José, _d1953- _918278 |
|
| 245 | 1 | 3 |
_aLa filosofía en su diversidad : _bcompendio de las principales corrientes filosóficas clásicas y contemporáneas / _cJosé Rosario Jiménez. |
| 260 |
_aSanto Domingo : _bCorripio, _c2001. |
||
| 300 |
_a254 p. : _bil., retrs. |
||
| 500 | _aIncluye datos biográficos del autor en la contracubierta | ||
| 504 | _aBibliografía : p. 251- 254. | ||
| 590 | _aInventariado, 2018 /LP | ||
| 650 | 4 |
_aFilosofía _xEnseñanza _9527 |
|
| 650 | 4 |
_aFilosofía _xHistoria _9528 |
|
| 650 | 4 |
_aCategorías (filosofía) _9529 |
|
| 650 | 0 |
_aFilosofía moderna _98156 |
|
| 910 | _aValidado. Control de calidad. EMS | ||
| 999 |
_c6377 _d6377 |
||